Central Library OPAC University of Rajshahi

Local approaches to environmental compliance : (Record no. 60043)

MARC details
000 -LEADER
fixed length control field 01300nam a2200337 a 4500
001 - CONTROL NUMBER
control field 60043
003 - CONTROL NUMBER IDENTIFIER
rucl marc code BD-RjUL
005 - DATE AND TIME OF LATEST TRANSACTION
control field 20211209080810.0
008 - FIXED-LENGTH DATA ELEMENTS--GENERAL INFORMATION
fixed length control field 041230s2005 dcuab b i000 0 eng
020 ## - INTERNATIONAL STANDARD BOOK NUMBER
International Standard Book Number 0821361015 (pbk.)
International Standard Book Number 0821361023 (eISBN)
035 ## - SYSTEM CONTROL NUMBER
System control number (BD-RjUL)60167
040 ## - CATALOGING SOURCE
Original cataloging agency DLC
Transcribing agency DLC
Modifying agency BD-RjUL
Language of cataloging eng
041 ## - LANGUAGE CODE
Language code of text/sound track or separate title eng
082 00 - DEWEY DECIMAL CLASSIFICATION NUMBER
Classification number 363.705610952
Edition number 23
Author mark and year LOC 2005
245 00 - TITLE STATEMENT
Title Local approaches to environmental compliance :
Remainder of title Japanese case studies and lessons for developing countries /
Statement of responsibility, etc. edited by Adriana Bianchi, Wilfrido Cruz, Masahisa Nakamura.
260 ## - PUBLICATION, DISTRIBUTION, ETC. (IMPRINT)
Place of publication, distribution, etc. Washington, D.C. :
Name of publisher, distributor, etc. World Bank,
Date of publication, distribution, etc. c2005.
300 ## - PHYSICAL DESCRIPTION
Pagination xi, 132 p. :
Illustrations ill., map ;
Size 28 cm.
504 ## - BIBLIOGRAPHY, ETC. NOTE
Bibliography, etc Includes bibliographical references.
650 #0 - SUBJECT ADDED ENTRY--TOPICAL TERM
Topical term or geographic name as entry element Environmental policy
Geographic subdivision Japan
Form subdivision Case studies.
9 (RLIN) 178671
Topical term or geographic name as entry element Environmental policy
Geographic subdivision Developing countries.
9 (RLIN) 174244
Topical term or geographic name as entry element Environmental monitoring
Geographic subdivision Japan
Form subdivision Case studies.
9 (RLIN) 178672
Topical term or geographic name as entry element Environmental monitoring
Geographic subdivision Developing countries.
9 (RLIN) 178673
700 1# - ADDED ENTRY--PERSONAL NAME
Personal name Bianchi, Adriana Noemi.
Personal name Cruz, Wilfrido.
Personal name Nakamura, Masahisa,
Dates associated with a name 1945-
710 2# - ADDED ENTRY--CORPORATE NAME
Corporate name or jurisdiction name as entry element World Bank Institute.
9 (RLIN) 178677
942 ## - ADDED ENTRY ELEMENTS (KOHA)
Source of classification or shelving scheme Dewey Decimal Classification
Koha item type Books
Holdings
Lost status Source of classification or shelving scheme Damaged status Not for loan Collection code Permanent Location Current Location Shelving location Date acquired Source of acquisition Total Checkouts Full call number Date last seen Copy number Koha item type
  Dewey Decimal Classification   Not For Loan Non-fiction Central Library, University of Rajshahi Central Library, University of Rajshahi Reading Room 21/04/2007 Gift   363.705610952 LOC 2005 28/12/2016 C-1 Books